[Event "Championnat de France 2014"]
[Site "Nimes"]
[Date "2014.08.25"]
[Round "8"]
[White "Edouard, Romain"]
[Black "Fressinet, Laurent"]
[Result "1/2-1/2"]
[WhiteElo "2680"]
[BlackElo "2708"]
[PlyCount "78"]
[EventDate "2014.??.??"]
[EventCountry "FRA"]

1. d4 d5 2. c4 e6 3. Nc3 Be7 4. Bf4 Nf6 5. e3 O-O 6. Nf3 b6 7. Qc2 Bb7 8. Rd1
Na6 (8... Nbd7 9. Be2 dxc4 10. Bxc4 a6 11. a4 c5 12. O-O Nh5 13. d5 Nxf4 14.
exf4 exd5 15. Nxd5 Bd6 16. Ng5 g6 17. Qc3 Ra7 18. Qh3 h5 19. Qxd7 Qxd7 20. Nf6+
Kg7 21. Nxd7 Bxf4 22. Nxf8 {1-0 (22) Tkachiev,V (2636)-Fridman,D (2645) Warsaw
POL 2010}) 9. Be2 Nb4 10. Qb1 dxc4 11. Bxc4 Nbd5 12. Bg5 Nxc3 13. bxc3 Ne4 14.
Bxe7 Qxe7 15. Rc1 Ng5 16. Be2 Nxf3+ 17. Bxf3 Bxf3 18. gxf3 c5 19. f4 Rac8 20.
O-O Qb7 21. Qd3 Qf3 22. Qd1 Qe4 23. Qd2 Rfd8 24. f3 Qd5 25. Qe2 g6 26. Kg2 Rd7
27. Rfd1 cxd4 28. Rxd4 Qc6 29. Rcd1 Rxd4 30. cxd4 Qc2 31. Rd2 Qf5 32. Kg3 h5
33. Qd3 Qa5 34. d5 exd5 35. Qxd5 Qc3 36. Qd7 Rf8 37. Qd4 Rc8 38. Qd7 Rf8 39.
Qd4 Rc8 1/2-1/2

[Event "Championnat de France 2014"]
[Site "Nimes"]
[Date "2014.08.25"]
[Round "8"]
[White "Bacrot, Etienne"]
[Black "Bauer, Christian"]
[Result "1/2-1/2"]
[WhiteElo "2720"]
[BlackElo "2658"]
[PlyCount "88"]
[EventDate "2014.??.??"]
[EventCountry "FRA"]

1. e4 e6 2. d4 d5 3. Nc3 Bb4 4. e5 c5 5. a3 Ba5 6. b4 cxd4 7. Nb5 Bb6 8. Nd6+ (
8. Qg4 Kf8 9. Nf3 Nc6 10. Qf4 a6 11. Nbxd4 Nxd4 12. Nxd4 Qc7 13. Bb2 f6 14.
exf6 gxf6 15. Qd2 e5 16. Ne2 Be6 17. f4 Rc8 18. fxe5 fxe5 19. Ng3 Nf6 20. Bd3
Ng4 21. Rf1+ Ke8 22. Qg5 Rg8 23. Qh5+ Bf7 24. Qxh7 e4 25. Nf5 Rg6 26. Be2 Nf2
27. Nd4 e3 28. Qh8+ Kd7 29. Qh4 Re8 30. Bh5 Kc8 31. Bxg6 Bxg6 32. Qf6 Be4 33.
Rc1 Kb8 34. Ne6 Qc4 35. Ng7 d4 36. Nxe8 d3 37. Rxf2 exf2+ 38. Kd2 dxc2 39. Qc3
Qd5+ 40. Ke2 Qb5+ 41. Kd2 Ka7 42. Nd6 Qd5+ 43. Ke2 Qxd6 44. Qd2 Qe6 45. Bd4
Qc4+ 46. Ke3 Bxd4+ 47. Qxd4+ Qxd4+ 48. Kxd4 Bxg2 49. Kc3 f1=Q 50. Rxf1 Bxf1 51.
Kxc2 Bh3 52. Kc3 Kb6 53. a4 a5 54. Kc4 Be6+ 55. Kc3 Bg8 56. h4 Bf7 {0-1 (56)
Dourerassou,J (2505)-Bauer,C (2630) Nice FRA 2014}) 8... Kf8 9. f4 Nc6 10. Nf3
Nh6 11. Bd3 a6 12. Bb2 Bc7 13. Nxd4 Bxd6 14. exd6 Qxd6 15. O-O Nf5 16. Nxf5
exf5 17. a4 Nxb4 18. Ba3 a5 19. Qe1 Qb6+ 20. Kh1 d4 21. Rb1 Bd7 22. Bxb4+ axb4
23. Rxb4 Qd6 24. Rxb7 g6 {15-4} 25. a5 Bc6 26. Rb6 Qd5 27. Qb4+ Kg7 28. Rg1
Rhc8 29. a6 Ra7 30. Be2 Rd7 31. h3 Qa2 {6-40"} 32. Qb2 Qxb2 33. Rxb2 Be4 34.
Ra1 Ra7 35. Ra4 Bxc2 36. Rxd4 Be4 37. Rc4 Rd8 38. Rcb4 h5 39. Kg1 Bd3 40. Rd2
Bxe2 41. Rxd8 Rxa6 42. Rd2 Re6 43. Kf2 Ba6 44. h4 Rc6 1/2-1/2

[Event "Championnat de France 2014"]
[Site "Nimes"]
[Date "2014.08.25"]
[Round "8"]
[White "Roser, Kevin"]
[Black "Dorfman, Iossif"]
[Result "1/2-1/2"]
[WhiteElo "2400"]
[BlackElo "2571"]
[PlyCount "80"]
[EventDate "2014.??.??"]
[EventCountry "FRA"]

1. e4 c6 2. d4 d5 3. Nc3 dxe4 4. Nxe4 Bf5 5. Ng3 Bg6 6. h4 h6 7. Nf3 Nd7 8. h5
Bh7 9. Bd3 Bxd3 10. Qxd3 e6 11. Bd2 Ngf6 12. O-O-O Be7 13. Ne4 Qb6 14. Nxf6+
Bxf6 15. Bf4 Rd8 (15... c5 16. Ne5 cxd4 17. Nc4 Qa6 18. Nd6+ Ke7 19. Qb3 Nc5
20. Qb4 Qb6 21. Qc4 Rhd8 22. b4 Na6 23. Ne4 Rac8 24. Bd6+ Rxd6 25. Qxc8 Rc6 26.
Qh8 Nxb4 {0-1 (26) Kunal,M (2367)-Harutjunyan,G (2434) Mumbai IND 2014}) 16. c3
O-O 17. Qc2 Rfe8 18. Kb1 c5 19. d5 Nf8 20. Rhe1 exd5 21. Rxe8 Rxe8 22. Rxd5 Ne6
23. Be3 Rd8 24. Rxd8+ Qxd8 25. Qd2 Qb6 26. Nh2 Qb5 27. f3 c4 28. Ng4 Be7 29.
Bxa7 Qf5+ 30. Qc2 Qxh5 31. a3 Qb5 32. Ne3 Bxa3 33. Kc1 Bd6 34. Qe4 Bf4 35. Kb1
Qa4 36. Qxb7 Bxe3 37. Bxe3 Qd1+ 38. Ka2 Qa4+ 39. Kb1 Qd1+ 40. Ka2 Qa4+ 1/2-1/2

[Event "Championnat de France 2014"]
[Site "Nimes"]
[Date "2014.08.25"]
[Round "8"]
[White "Cornette, Matthieu"]
[Black "Maze, Sebastien"]
[Result "1/2-1/2"]
[WhiteElo "2533"]
[BlackElo "2565"]
[PlyCount "54"]
[EventDate "2014.??.??"]
[EventCountry "FRA"]

1. e4 c5 2. Nf3 Nc6 3. d4 cxd4 4. Nxd4 g6 5. Nc3 Bg7 6. Be3 Nf6 7. Nxc6 bxc6 8.
e5 Nd5 9. Nxd5 cxd5 10. Qxd5 Rb8 11. Bxa7 Rxb2 12. Bd4 Rxc2 13. Bd3 e6 14. Qa8
Rc6 15. O-O O-O 16. Bb5 Ba6 17. Qxd8 Rxd8 18. Bxc6 Bxf1 19. Kxf1 dxc6 20. Bc3
Rd3 21. Rc1 Rd5 22. Re1 Rc5 23. Bb4 (23. Re3 Rc4 24. Bb2 h5 25. Ke1 Kh7 26. Kd1
g5 27. f3 Ra4 28. a3 c5 29. Kc2 c4 30. Kc3 Kg6 31. Re4 Kf5 32. Kd4 g4 33. Ke3
Bh6+ 34. Kf2 Bf4 35. g3 Bd2 36. Rd4 Bh6 37. fxg4+ hxg4 38. Ke2 Bg5 39. Kf2 Bh6
{1/2-1/2 (39) Kupreichik,V (2535)-Petursson,M (2425) Reykjavik 1980}) 23... Rc2
24. Re2 Rc1+ 25. Re1 Rc2 26. Re2 Rc1+ 27. Re1 Rc2 1/2-1/2

[Event "Championnat de France 2014"]
[Site "Nimes"]
[Date "2014.08.25"]
[Round "8"]
[White "Gharamian, Tigran"]
[Black "Sokolov, Andrei"]
[Result "1-0"]
[WhiteElo "2657"]
[BlackElo "2556"]
[PlyCount "57"]
[EventDate "2014.??.??"]
[EventCountry "FRA"]

1. e4 c5 2. Nf3 e6 3. d4 cxd4 4. Nxd4 Nc6 5. Nc3 Qc7 6. Be3 a6 7. Qd2 Nf6 8.
O-O-O Bb4 9. f3 O-O 10. g4 b5 11. g5 Nh5 12. Kb1 Bb7 13. a3 Be7 (13... Ba5 14.
Nb3 b4 15. Na4 bxa3 16. Nxa5 Qxa5 17. Qxa5 Nxa5 18. Nb6 Rad8 19. Bc5 d6 20.
Bxa3 f5 21. Nc4 Nxc4 22. Bxc4 fxe4 23. Bxe6+ Kh8 24. fxe4 Nf4 25. Bb3 Bxe4 26.
Rhf1 h5 27. gxh6 g5 28. Bxd6 Rfe8 29. Be5+ Kh7 30. Rxd8 Rxd8 31. Bf6 Rb8 32.
Re1 Bf5 33. Bxg5 Rxb3 34. Re7+ Kg6 35. Rg7+ Kh5 36. Bxf4 {1-0 (36) Bauer,C 
(2633)-Sokolov, A (2558) Nancy FRA 2013}) 14. Nde2 (14. Nce2 Nxd4 15. Bxd4 Rfc8
16. Bc3 d5 17. e5 a5 18. Nd4 b4 19. axb4 axb4 20. Bxb4 Bxb4 21. Qxb4 Bc6 22.
Qd6 Qa7 23. Qa3 Qb7 24. Qe3 Rcb8 25. b3 Bd7 26. Bh3 Qb4 27. Kb2 Ra4 28. Bg4 Nf4
29. Qxf4 Rc8 {0-1 (29) Espinosa Veloz,E (2452)-Quesada Perez,Y (2596) Santa
Clara CUB 2013}) 14... d5 15. exd5 Rad8 16. Ng3 exd5 17. Bf2 g6 18. Nxh5 gxh5
19. Bg3 Bd6 20. Bd3 Ne5 21. Bxe5 Bxe5 22. Ne2 d4 23. Rhf1 Rfe8 24. f4 Bg7 25.
Ng3 h4 26. Nh5 Kh8 27. Rde1 h3 28. Qf2 Bg2 29. Nxg7 1-0

[Event "Championnat de France 2014"]
[Site "Nimes"]
[Date "2014.08.25"]
[Round "8"]
[White "Degraeve, Jean-Marc"]
[Black "Chabanon, Jean-Luc"]
[Result "1-0"]
[WhiteElo "2566"]
[BlackElo "2485"]
[PlyCount "115"]
[EventDate "2014.??.??"]
[EventCountry "FRA"]

1. e4 c5 2. Nf3 d6 3. d4 cxd4 4. Qxd4 Nc6 5. Bb5 Bd7 6. Bxc6 Bxc6 7. Nc3 Nf6 8.
Bg5 e6 9. Qd3 Be7 10. Nd4 Qa5 11. Bd2 Qc7 12. O-O-O O-O (12... a6 13. f4 b5 14.
e5 dxe5 15. fxe5 Nd7 16. Nxc6 Qxc6 17. Qg3 g6 18. Bg5 Bxg5+ 19. Qxg5 b4 20. Ne2
Rc8 21. Nd4 Qc4 22. Kb1 O-O 23. h4 f6 24. exf6 e5 25. Nf3 Nxf6 26. Rc1 e4 27.
Nd2 Qe6 {1/2-1/2 (27) Kasimdzhanov,R (2595)-Topalov,V (2700) Wijk aan Zee 1999}
) 13. f4 Rfd8 (13... Rab8 14. f5 Bd7 15. g4 Rfc8 16. g5 Ng4 17. Rhf1 Qc4 18.
Qh3 Ne5 19. Nf3 b5 20. f6 Bf8 21. g6 fxg6 22. Nxe5 dxe5 23. f7+ Kh8 24. Rf3 h6
25. Bxh6 gxh6 26. Qg4 g5 27. Qh5 Kg7 28. Rh3 Kf6 29. Rxd7 b4 30. Qxh6+ Bxh6 31.
Rxh6+ Kg7 32. f8=Q+ {1-0 (32) Hou Yifan (2575)-Sebag,M (2510) Hangzhou CHN 2011
}) 14. Rhe1 (14. g4 d5 15. e5 Ne4 16. Nxe4 dxe4 17. Qc3 Qb6 18. Nxc6 bxc6 19.
Rhe1 Qa6 20. a3 f5 21. exf6 Bxf6 22. Qe3 Rab8 23. Bc3 Rxd1+ 24. Kxd1 Bxc3 25.
Qxc3 Qb5 26. Kc1 Rf8 27. Qe3 Rb8 28. Qd4 Qd5 29. Qxe4 Kf7 30. Qe3 c5 31. f5
exf5 32. gxf5 Qxf5 33. Qg3 Rb7 34. Qg2 Qd7 35. Rd1 Qe7 36. Qd5+ {1-0 (36)
Glavina Rossi,P (2429)-Veingold,A (2460) Cala Galdana 1999}) (14. f5 e5 15.
Nxc6 bxc6 16. g4 d5 17. g5 Nxe4 18. Nxe4 dxe4 19. Qe2 Rd4 20. f6 Bf8 21. Bc3
Rxd1+ 22. Rxd1 Rd8 23. Re1 Qd6 24. fxg7 Bxg7 25. Qxe4 Qe6 26. b3 Rd5 27. h4 h6
28. Kb2 hxg5 29. hxg5 Qg6 30. Qb4 Qxg5 31. Qb8+ Qd8 32. Qxa7 Rd1 33. Rxd1 Qxd1
34. a4 e4 35. Qb8+ Kh7 36. Qh2+ Bh6 37. a5 e3 38. Qe5 Qf1 39. a6 e2 40. a7 Qc1+
41. Ka2 Qxc2+ 42. Bb2 {1-0 (42) Perunovic,M (2576)-Zivkovic,S (2321) Obrenovac
SRB 2011}) 14... Be8 15. g4 Nd7 16. g5 Nc5 17. Qf3 b5 18. Ncxb5 Qb7 19. Nc3
Rdb8 20. b3 a5 21. Nb1 a4 22. b4 a3 23. Re3 Ba4 24. Nxa3 Be8 25. Rde1 Nxe4 26.
Qxe4 Qxe4 27. Rxe4 Rxa3 28. Nxe6 d5 29. Re5 f6 30. Rxd5 Rxa2 31. Nxg7 Ra1+ 32.
Kb2 Rxe1 33. Nxe8 Re2 34. Nxf6+ Kf7 35. b5 Rd8 36. Rxd8 Bxd8 37. Bc3 Rxh2 38.
Nd5 Ke6 39. Ne3 Re2 40. Bd4 Bc7 41. f5+ Kd7 42. g6 hxg6 43. fxg6 Ke6 44. g7 Kf7
45. b6 Bxb6 46. Bxb6 Kxg7 47. Kb3 Kf7 48. Kb4 Ke6 49. Kb5 Kd7 50. Bd4 Kc7 51.
c4 Kb7 52. c5 Re1 53. c6+ Kc8 54. Nd5 Re6 55. Be3 Re5 56. Kc5 Rf5 57. Kd6 Rf8
58. Nb6+ 1-0

[Event "Championnat de France 2014"]
[Site "Nimes"]
[Date "2014.08.27"]
[Round "10"]
[White "Chabanon, Jean-Luc"]
[Black "Fressinet, Laurent"]
[Result "0-1"]
[WhiteElo "2485"]
[BlackElo "2708"]
[PlyCount "80"]
[EventDate "2014.??.??"]
[EventCountry "FRA"]

1. d4 Nf6 2. c4 e6 3. Nf3 Bb4+ 4. Bd2 a5 5. Nc3 b6 6. e3 Bb7 7. Bd3 d6 8. Qc2
Nbd7 9. a3 Bxc3 10. Bxc3 Qe7 11. Nd2 e5 12. O-O a4 $146 ({RR} 12... e4 13. Be2
a4 14. b3 axb3 15. Nxb3 Bc6 16. a4 Bxa4 17. Qd2 Bc6 18. d5 Bb7 19. Rxa8+ Bxa8
20. Ra1 O-O 21. Ra7 Qd8 22. Nd4 Nc5 23. Qb2 Qb8 24. Nf5 Ncd7 25. Qa1 Re8 26. h3
Ne5 27. f4 {Ezat,M (2466)-Tari,A (2440) Tromso NOR 2014 1-0 (73)}) 13. f3 O-O
14. Rae1 Rfe8 15. Qd1 d5 16. Bc2 dxc4 17. Nxc4 e4 18. fxe4 Nxe4 19. Nd2 Qg5 20.
Nxe4 Bxe4 21. Bxe4 Rxe4 22. Qf3 Qg6 23. d5 Rae8 24. Bd4 Ne5 25. Qd1 b5 26. b3
Qd6 27. bxa4 bxa4 28. Qxa4 Ng4 29. g3 Qxd5 {5-32} 30. Qc2 h6 31. Re2 {2-26} Qh5
32. Rg2 R8e7 33. Qd1 c5 34. Bb2 Rxe3 35. Bc1 R3e4 36. Bf4 c4 37. Qd8+ Kh7 38.
Qc8 Re2 39. Rxe2 Rxe2 40. h3 Qd5 0-1

[Event "Championnat de France 2014"]
[Site "Nimes"]
[Date "2014.08.27"]
[Round "10"]
[White "Gharamian, Tigran"]
[Black "Bauer, Christian"]
[Result "1/2-1/2"]
[WhiteElo "2657"]
[BlackElo "2658"]
[PlyCount "41"]
[EventDate "2014.??.??"]
[EventCountry "FRA"]

1. e4 Nc6 2. Nf3 d6 3. d4 Nf6 4. Nc3 g6 5. d5 Nb8 6. h3 Bg7 7. Bc4 O-O 8. O-O
e5 9. dxe6 Bxe6 10. Bb3 $146 ({RR} 10. Bxe6 fxe6 11. e5 dxe5 12. Nxe5 Nd5 13.
Qg4 Qf6 14. Nf3 Nxc3 15. bxc3 Nc6 16. Rb1 b6 17. Nd4 Nxd4 18. cxd4 Qf5 19. Qxf5
Rxf5 20. Bb2 Rd8 21. c3 Ra5 22. a3 e5 23. dxe5 Bxe5 24. Rbd1 Rd6 {Chiang,S 
(2067)-Schuyler,J (2333) Rockville USA 2013 1/2-1/2 (49)}) 10... Nc6 11. Re1
Re8 12. Bf4 h6 13. Qd2 Kh7 14. Rad1 a6 15. Qc1 Nd7 16. Be3 Rc8 17. Nd5 Na5 18.
Nc3 Nc6 19. Nd5 Na5 20. Nc3 Nc6 21. Nd5 1/2-1/2

[Event "Championnat de France 2014"]
[Site "Nimes"]
[Date "2014.08.27"]
[Round "10"]
[White "Cornette, Matthieu"]
[Black "Dorfman, Iossif"]
[Result "1/2-1/2"]
[WhiteElo "2533"]
[BlackElo "2571"]
[PlyCount "74"]
[EventDate "2014.??.??"]
[EventCountry "FRA"]

1. e4 c5 2. Nf3 d6 3. Bb5+ Nd7 4. d4 cxd4 5. Qxd4 a6 6. Bxd7+ Bxd7 7. c4 e5 8.
Qd3 b5 9. Nc3 bxc4 10. Qxc4 Be6 11. Qd3 h6 12. O-O Nf6 13. Rd1 Be7 14. Ne1 O-O
15. Nc2 Qb6 16. Ne3 Rac8 (16... Rfc8 17. b3 a5 18. Bd2 Qa6 19. Be1 Nd7 20. f3
Rc6 21. Qxa6 Rcxa6 22. Ned5 Bd8 23. Nb5 Rc8 24. Bf2 Kh7 25. Kf1 Rcc6 26. Rac1
Bg5 27. Rc3 Bxd5 28. Rxd5 Rxc3 29. Nxc3 Rc6 30. Be1 Nc5 31. Nb5 Nb7 32. h4 Be3
33. Ke2 Bc5 34. h5 Bb4 35. Bd2 g6 36. a3 Bxd2 37. hxg6+ Kxg6 38. Kxd2 h5 39. g3
f6 40. Na7 Rc7 41. Nb5 Rc6 42. Ke2 Kf7 43. b4 axb4 44. axb4 Ke6 45. Rd3 Rc4 46.
Rb3 d5 47. Kd3 Rc6 48. exd5+ Kxd5 49. Rc3 f5 50. Nc7+ Kd6 51. Ne8+ Kd5 52. Rxc6
Kxc6 53. Ng7 Nd6 54. Nxh5 e4+ 55. fxe4 Nxe4 56. Kd4 Kb5 57. g4 fxg4 58. Kxe4 g3
59. Nxg3 Kxb4 {1/2-1/2 (59) Carlsen,M (2868)-Anand,V (2783) Sandnes NOR 2013})
17. Rb1 Rfd8 18. Bd2 Qb7 19. Be1 Rd7 20. f3 Bd8 21. Ncd5 Bxd5 22. Nxd5 Nxd5 23.
Qxd5 Bb6+ 24. Kf1 Bd4 25. Qxb7 Rxb7 26. Rd2 Kf8 27. Bf2 Bxf2 28. Kxf2 Ke7 29.
Ke2 Rc5 30. Rbd1 Rb6 31. b3 Ke6 32. Rd5 Rc2+ 33. R1d2 Rc1 34. Rd1 Rc2+ 35. R1d2
Rc1 36. Rd1 Rc2+ 37. R1d2 Rc1 1/2-1/2

[Event "Championnat de France 2014"]
[Site "Nimes"]
[Date "2014.08.27"]
[Round "10"]
[White "Degraeve, Jean-Marc"]
[Black "Maze, Sebastien"]
[Result "0-1"]
[WhiteElo "2566"]
[BlackElo "2565"]
[PlyCount "58"]
[EventDate "2014.??.??"]
[EventCountry "FRA"]

1. e4 Nc6 2. Nf3 d5 3. exd5 Qxd5 4. Nc3 Qa5 5. g3 Bg4 6. h3 Bh5 7. Bg2 O-O-O 8.
O-O e5 (8... f6 9. d3 Nd4 10. g4 Bf7 11. b4 Qxb4 12. Bd2 Qc5 13. Nxd4 Qxd4 14.
Nb5 Qa4 15. Rb1 c6 16. c4 Qxd1 17. Nxa7+ Kb8 18. Nxc6+ Kc8 19. Na7+ Kc7 20.
Rxb7+ {1-0 (20) Vazquez Igarza,R (2451)-Moreno Torrero,J (2085) Madrid 2003})
9. d3 f5 10. Bd2 Nf6 11. Qe1 Bxf3 12. Bxf3 Nd4 13. Bd1 Bb4 14. a3 Rhe8 15. Rb1
Bxc3 16. bxc3 Nc6 17. Rb3 Qd5 18. Bg5 Rd6 19. Qe3 e4 20. Bxf6 Rxf6 21. Be2 Qf7
22. d4 b6 23. c4 g5 24. Qxg5 Nxd4 25. Bh5 Rg8 26. Qe3 Qxh5 27. Qxd4 Rd6 28. Qe5
Qxh3 29. Rb5 Rg5 0-1

[Event "Championnat de France 2014"]
[Site "Nimes"]
[Date "2014.08.27"]
[Round "10"]
[White "Edouard, Romain"]
[Black "Sokolov, Andrei"]
[Result "1-0"]
[WhiteElo "2680"]
[BlackElo "2556"]
[PlyCount "79"]
[EventDate "2014.??.??"]
[EventCountry "FRA"]

1. e4 c5 2. Nf3 e6 3. d4 cxd4 4. Nxd4 Nc6 5. Nc3 Qc7 6. Be3 a6 7. Qf3 Bb4 ({RR
} 7... b5 8. Nxc6 Qxc6 9. O-O-O Bb7 10. Bd3 Nf6 11. Bd4 b4 12. Bxf6 gxf6 13.
Ne2 f5 14. Ng3 Bg7 15. Kb1 Qc5 16. Qf4 Be5 17. Qd2 f4 18. Ne2 Qxf2 19. Rhf1 Qe3
20. Qxb4 Rb8 21. b3 Bc6 22. Qd2 {Grischuk,A (2783)-Wang Yue (2723) Beijing CHN
2013 0-1 (71)}) 8. Nxc6 bxc6 9. Bd4 Nf6 $146 ({RR} 9... f6 10. a3 c5 11. Be3
Bxc3+ 12. bxc3 Bb7 13. Qh5+ g6 14. Qxc5 Qxc5 15. Bxc5 Bxe4 16. Kd2 Ne7 17. f3
Bc6 18. Bd3 Kf7 19. Rhb1 Rhc8 20. Rb6 a5 21. c4 h5 22. Rab1 g5 23. Bd6 g4 24.
Ke3 {Popilski,G (2503)-Potkin,V (2625) Yerevan ARM 2014 1/2-1/2 (48)}) 10.
O-O-O Bd6 11. Na4 Rb8 12. Bb6 Bf4+ (12... Rxb6 13. Nxb6 O-O (13... Qxb6 14.
Rxd6 $16)) 13. Kb1 Qe5 (13... Rxb6 14. Nxb6 Bb7 15. g3 Bd6 16. Qe3 $16) 14. Bd3
(14. g3 $1 Bh6 15. Qa3 $18) 14... O-O 15. g3 Bh6 16. Qe2 d5 17. f4 Qh5 18. Qxh5
Nxh5 19. Bc7 Rb7 20. Bd6 Rd8 21. e5 g5 22. fxg5 Bxg5 23. Bxa6 Ra7 24. Bxc8 Rxc8
25. Nb6 Re8 26. c4 Ng7 27. g4 f6 28. c5 fxe5 29. Bxe5 Rf8 30. Rhf1 Rxf1 31.
Rxf1 Ne8 32. Rf3 Bd8 33. a4 Ra6 34. Bd4 Nc7 35. b3 e5 36. Bxe5 Ne6 37. Nd7 Be7
38. Bd6 Bxd6 39. cxd6 Ra8 40. Rf6 1-0

[Event "Championnat de France 2014"]
[Site "Nimes"]
[Date "2014.08.27"]
[Round "10"]
[White "Bacrot, Etienne"]
[Black "Roser, Kevin"]
[Result "1-0"]
[WhiteElo "2720"]
[BlackElo "2400"]
[PlyCount "73"]
[EventDate "2014.??.??"]
[EventCountry "FRA"]

1. d4 Nf6 2. Nf3 e6 3. c4 b6 4. g3 Ba6 5. Qb3 Nc6 6. Nbd2 Na5 7. Qa4 c5 8. e4
Bb7 9. d5 exd5 10. cxd5 a6 $146 ({RR} 10... g6 11. Be2 Bg7 12. O-O O-O 13. Rb1
Re8 14. Bd3 d6 15. b4 cxb4 16. Qxb4 Bc8 17. Nb3 Nb7 18. Bf4 a5 19. Qc4 a4 20.
Nbd2 Nc5 21. Bc2 Ba6 22. Qb4 Bxf1 23. Kxf1 Qe7 24. Re1 b5 {1/2-1/2 (24)
Paunovic,D (2450)-Stohl,I (2450) Stary Smokovec 1987}) 11. Bg2 b5 12. Qc2 d6
13. O-O Be7 14. b3 O-O 15. Bb2 Nd7 16. Rad1 Bf6 17. Bxf6 Qxf6 18. b4 Nc4 19.
Nxc4 bxc4 20. bxc5 Nxc5 21. Qxc4 a5 22. e5 Qe7 23. Rfe1 Rad8 24. Qc3 a4 25.
exd6 Qxd6 26. Nd4 g6 27. Rc1 Rc8 28. Nc6 Bxc6 29. dxc6 Ne6 30. Red1 Qc7 31. Rd7
Qxd7 32. cxd7 Rxc3 33. Rxc3 Rd8 34. Bc6 Nd4 35. Bb5 Kf8 36. Rc8 Ke7 37. Bxa4
1-0

[Event "Championnat de France 2014"]
[Site "Nimes"]
[Date "2014.08.28"]
[Round "11"]
[White "Fressinet, Laurent"]
[Black "Bacrot, Etienne"]
[Result "1/2-1/2"]
[WhiteElo "2708"]
[BlackElo "2720"]
[PlyCount "77"]
[EventDate "2014.??.??"]
[EventCountry "FRA"]

1. e4 e5 2. Nf3 Nc6 3. Bb5 Nf6 4. O-O Nxe4 5. Re1 Nd6 6. Nxe5 Be7 7. Bf1 Nxe5
8. Rxe5 O-O 9. Nc3 Ne8 10. Nd5 Bd6 11. Re1 c6 12. Ne3 Bc7 13. Nf5 d5 14. Ne7+
Kh8 15. Nxc8 Rxc8 16. d3 Nf6 17. Qf3 Qd7 18. g3 Rce8 19. Bd2 Ng4 20. d4 f5 21.
Bd3 g6 22. Rxe8 Rxe8 23. Re1 Rxe1+ 24. Bxe1 Qe6 25. Qe2 Qxe2 26. Bxe2 Kg7 $146
(26... Nf6 27. f3 h5 28. h3 Kg7 29. Kg2 Kf7 30. c3 Ne8 31. Bd2 Ng7 32. f4 Ne8
33. g4 hxg4 34. hxg4 Nf6 35. gxf5 gxf5 36. Kf3 b5 37. Be1 Ne4 38. Ke3 Nf6 39.
Bh4 Ke6 40. Bxf6 Kxf6 41. Bh5 Ke6 42. Be8 Kd6 43. Bg6 {1/2-1/2 (43) Salgado
Lopez,I (2605)-Bacrot,E (2739) Yerevan ARM 2014}) 27. Bd2 Nf6 28. f3 h5 29. Kg2
Kf7 30. Bg5 Nh7 31. Be3 Nf8 32. c3 Ne6 33. f4 h4 34. Kf3 hxg3 35. hxg3 Kf6 36.
Bd3 g5 37. fxg5+ Nxg5+ 38. Bxg5+ Kxg5 39. Bf1 1/2-1/2

[Event "Championnat de France 2014"]
[Site "Nimes"]
[Date "2014.08.28"]
[Round "11"]
[White "Dorfman, Iossif"]
[Black "Edouard, Romain"]
[Result "1/2-1/2"]
[WhiteElo "2571"]
[BlackElo "2680"]
[PlyCount "45"]
[EventDate "2014.??.??"]
[EventCountry "FRA"]

1. c4 e6 2. Nc3 c5 3. Nf3 Nf6 4. g3 b6 5. Bg2 Bb7 6. O-O Be7 7. d4 cxd4 8. Qxd4
d6 9. Bg5 a6 10. Bxf6 Bxf6 11. Qf4 O-O 12. Rfd1 Be7 13. Ne4 Bxe4 14. Qxe4 Ra7
15. Nd4 Qc8 16. b3 Qc5 17. a4 ({RR} 17. Qd3 Rc7 18. e3 Re8 19. a4 Bf8 20. Ra2
a5 21. Rad2 Na6 22. Qb1 Nb4 23. Nb5 Rd7 24. Qe4 Red8 25. Qf4 Be7 26. h4 g6 27.
Be4 Kg7 28. Kg2 h5 29. Kg1 Rf8 30. Bg2 Rfd8 31. Kh2 Rf8 {Lupulescu,C (2649)
-Filip,L (2455) Iasi ROU 2014 1/2-1/2 (61)}) 17... Rc7 18. e3 Rfc8 $146 ({RR} 
18... Rd8 19. Qb1 Bf6 20. Ra2 Bxd4 21. exd4 Qb4 22. h4 Nd7 23. a5 {1/2-1/2 (23)
Vilela de Acuna,J (2450)-Alzate,D (2390) Bayamo 1984}) 19. Qb1 Qb4 20. Qa2 Qa5
21. Qb1 Qb4 22. Qa2 Qa5 23. Qb1 1/2-1/2

[Event "Championnat de France 2014"]
[Site "Nimes"]
[Date "2014.08.28"]
[Round "11"]
[White "Roser, Kevin"]
[Black "Gharamian, Tigran"]
[Result "1/2-1/2"]
[WhiteElo "2400"]
[BlackElo "2657"]
[PlyCount "130"]
[EventDate "2014.??.??"]
[EventCountry "FRA"]

1. e4 e5 2. Nf3 Nc6 3. Bb5 g6 4. d4 exd4 5. Bg5 Be7 6. Bxe7 Qxe7 7. Bxc6 dxc6
8. Qxd4 Nf6 9. Nc3 Bg4 10. Nd2 c5 11. Qe3 O-O-O 12. h3 Bd7 13. O-O-O Bc6 14. f3
b6 15. Rhe1 (15. Nc4 h5 16. Qg5 Rxd1+ 17. Rxd1 Re8 18. h4 Nd7 19. Qxe7 Rxe7 20.
Nd5 Re6 21. c3 Ne5 22. Nxe5 Rxe5 23. Nf4 Re8 24. Kc2 Re7 25. Rd2 Re8 26. Kd3
Re7 27. Ke3 Re8 28. Nd5 f5 29. Kf4 fxe4 30. fxe4 Kb7 31. Nf6 {1-0 (31) Vokarev,
S (2529)-Malaniuk,V (2555) Alushta 2004}) (15. h4 h5 16. Qg5 Qe6 17. Rhe1 Nd7
18. Nf1 Ne5 19. Ne3 f6 20. Qg3 b5 21. Ncd5 Rh7 22. f4 Ng4 23. Nxg4 Bxd5 24. f5
Qf7 25. Nf2 gxf5 26. exd5 Rxd5 27. Qf3 c6 28. Nh3 Kb7 29. Rxd5 Qxd5 30. Qxd5
cxd5 31. Nf4 Rg7 32. Rh1 {1-0 (32) Popovic,D (2496)-Samolins,V (2256) Turin
2006}) 15... Qe6 (15... Rhe8 16. Nf1 Nh5 17. Rxd8+ Rxd8 18. Rd1 Rxd1+ 19. Nxd1
Qe5 20. Qd2 Nf4 21. Nfe3 h5 22. Nc4 Qg5 23. Nce3 {1/2-1/2 (23) Perez Ponsa,F 
(2469)-Dos Santos,R (2450) Buenos Aires ARG 2010}) 16. g4 h5 17. g5 Ne8 18. h4
Nd6 19. Qf4 Nb5 20. Nxb5 Bxb5 21. b3 c4 22. Nb1 cxb3 23. axb3 Bc6 24. Nc3 Rhe8
25. Kb2 a5 26. Rxd8+ Rxd8 27. Rd1 Rxd1 28. Nxd1 a4 29. bxa4 Bxa4 30. Nc3 Bc6
31. Ne2 Qc4 32. Qd2 Qb5+ 33. Kc1 Be8 34. Qe3 Kb7 35. Nc3 Qf1+ 36. Kb2 Bc6 37.
Qf4 Qc4 38. Qe5 Qf1 39. Qf4 Qc4 40. Qe5 Ka6 41. f4 Kb7 42. Nd5 Bd7 43. f5 Qb5+
44. Kc1 Qf1+ 45. Kb2 Qb5+ 46. Kc1 Qc5 47. fxg6 fxg6 48. Qf6 Bc6 49. Qg7 Qd6 50.
Qf6 Qc5 51. Qg7 Qd6 52. Qf6 Bxd5 53. exd5 Qxd5 54. Qxg6 Qh1+ 55. Kb2 Qxh4 56.
Qf5 Qb4+ 57. Kc1 Qe1+ 58. Kb2 Qb4+ 59. Kc1 Qe1+ 60. Kb2 h4 61. g6 Qb4+ 62. Kc1
Qe1+ 63. Kb2 Qb4+ 64. Kc1 Qe1+ 65. Kb2 Qb4+ 1/2-1/2

[Event "Championnat de France 2014"]
[Site "Nimes"]
[Date "2014.08.28"]
[Round "11"]
[White "Sokolov, Andrei"]
[Black "Degraeve, Jean-Marc"]
[Result "0-1"]
[WhiteElo "2556"]
[BlackElo "2566"]
[PlyCount "92"]
[EventDate "2014.??.??"]
[EventCountry "FRA"]

1. e4 e5 2. Nf3 Nc6 3. Bb5 Bc5 4. O-O Nd4 5. Nxd4 Bxd4 6. c3 Bb6 7. d4 c6 8.
Ba4 d6 9. dxe5 dxe5 10. Qxd8+ Bxd8 11. Be3 Nf6 12. Nd2 Ng4 13. Bc5 Be7 14. Bxe7
Kxe7 15. Rfd1 (15. f3 Nf6 16. Rfd1 Be6 17. Bb3 Rhd8 18. Kf2 h5 19. h4 Ne8 20.
Bxe6 Kxe6 21. Nc4 g6 22. g3 b6 23. Ke3 f5 24. f4 exf4+ 25. Kxf4 fxe4 26. Ne5
Nd6 27. Nxg6 Rg8 28. Kg5 Rg7 29. Rf1 Nf7+ 30. Kxh5 Rag8 31. Rae1 Rh7+ 32. Kg4
Rxg6+ 33. Kh3 Nd6 34. g4 Rf6 35. g5 Rxf1 36. Rxf1 Nf5 37. Rf4 e3 38. Re4+ Kd5
39. g6 Rg7 40. Re8 Rxg6 41. h5 Rg3+ 42. Kh2 Rg5 {0-1 (42) Trott,A-O'Kelly de
Galway,A Beverwijk 1953}) 15... Be6 16. Bb3 Rhd8 17. Bxe6 Kxe6 18. Nf1 Nf6 19.
Rxd8 Rxd8 20. f3 g6 21. Kf2 Nh5 22. g3 f5 23. exf5+ gxf5 24. Ke2 Nf6 25. Rd1
Rg8 26. c4 h5 27. Kf2 h4 28. gxh4 Rh8 29. b3 a5 30. Ne3 Rxh4 31. Rd6+ Kxd6 32.
Nxf5+ Kc5 33. Nxh4 Kb4 34. Nf5 $2 (34. Ke2 Ka3 35. Kd2 Kxa2 36. Kc2 b5 37. cxb5
cxb5 38. Nf5 Nd5 39. Nd6) 34... Ka3 35. Nd6 b6 36. c5 b5 37. Nxb5+ $5 Kxa2 $1 (
37... cxb5 $2 38. h4 Kxa2 39. h5 a4 40. bxa4 b4 41. a5 $11) 38. Na7 Kxb3 39.
Nxc6 a4 40. Nxe5 Kc3 $1 (40... a3 41. Nd3 Nd5 42. c6 Kc3 43. Nc1 Kb2 44. Nd3+
$11) 41. Ng4 a3 42. Nxf6 a2 43. Nd5+ Kd2 44. c6 a1=Q 45. c7 Qh8 46. f4 Qc8 0-1